000 01383nam a2200313 c 4500
999 _c159230
_d159230
003 BLK
005 20221108141752.0
008 180410b bul|||||r ||||||| ||bul||
010 _aKNG00166301000
040 _aBLK
041 _aBUL
_cBUL
080 _aМетрология. Измерителни апарати (мерки и теглилки)
_b006.91
_z006.91
100 1 _aТюрин, Николай Иванович
_eпърви автор
_9334419
139 _aТюрин, Николай Иванович
_bТ 98
245 1 0 _aВъведение в метрологията
_cНиколай Иванович Тюрин; прев. от рус. Жечко Маринов Жеков.
257 _aSUN
260 _aСофия
_bТехника
_c1978
_fВраца : В. Александров
300 _a275 с.
_bс черт., табл., сх.
_c22 см
380 _a0
500 _aОриг. загл. Введение в метрологию. - 1 290 тир. - Библиогр. с. 269-272.
650 4 _aМетрология
_9162085
653 _aметрология
700 1 _aЖеков, Жечко Маринов
_eпрев. от рус.
_9334420
852 _aЦб 91259
856 4 _qpdf
_i0.00
_ldisable
856 4 _qpdf
_i0.00
_ldisable
942 _cKNG
_n0
_s1
944 _aCR
_c17.10.2014
_l17.10.2014 - от С1,Р / 17.10.2014
_kКина_Георгиева
944 _aED
_c17.10.2014
_l17.10.2014 - от С1,Р / 17.10.2014
944 _aED
_c2022-11-08
_kХристина Везирева
999 _d159230
999 _d159230